[Event "Crema op-B 17th"]
[Site "Crema"]
[Date "2016.09.02"]
[Round "1"]
[White "Mapelli, Davide"]
[Black "Galli, Fabrizio"]
[Result "1-0"]
[WhiteElo "1735"]
[BlackElo "1435"]
[PlyCount "71"]
[EventDate "2016.09.02"]
[EventType "swiss"]
[EventRounds "6"]
[EventCountry "ITA"]
[SourceTitle "EXT 2018"]
[Source "ChessBase"]
[SourceDate "2017.10.13"]
[SourceVersion "1"]
[SourceVersionDate "2017.10.13"]
[SourceQuality "1"]

1. e4 c5 2. Nc3 d6 3. Bb5+ Bd7 4. Bxd7+ Nxd7 5. f4 e6 6. Nf3 Be7 7. 0-0 Ngf6 8. d3 0-0 9. Qe1 a6 10. Qg3 Ne8 11. f5 Bf6 12. Kh1 g6 13. Bh6 Bg7 14. Qh3 Ndf6 15. fxe6 Bxh6 16. exf7+ Rxf7 17. Qxh6 Ng4 18. Qg5 Qxg5 19. Nxg5 Rxf1+ 20. Rxf1 h6 21. Ne6 Ng7 22. Nxg7 Kxg7 23. Nd5 h5 24. h3 Nh6 25. Nc7 Rc8 26. Ne6+ Kh7 27. Rf6 Rc6 28. Nf8+ Kg7 29. Rxg6+ Kxf8 30. Rxh6 d5 31. Rxc6 bxc6 32. exd5 cxd5 33. Kh2 Kg7 34. Kg3 Kf6 35. Kf4 d4 36. g4 1-0

[Event "Crema op-B 17th"]
[Site "Crema"]
[Date "2016.09.02"]
[Round "2"]
[White "Pinna, Ferdinando"]
[Black "Mapelli, Davide"]
[Result "1-0"]
[WhiteElo "1894"]
[BlackElo "1735"]
[PlyCount "91"]
[EventDate "2016.09.02"]
[EventType "swiss"]
[EventRounds "6"]
[EventCountry "ITA"]
[SourceTitle "EXT 2018"]
[Source "ChessBase"]
[SourceDate "2017.10.13"]
[SourceVersion "1"]
[SourceVersionDate "2017.10.13"]
[SourceQuality "1"]

1. c4 f5 2. g3 Nf6 3. Nc3 g6 4. Bg2 Bg7 5. Nf3 0-0 6. 0-0 d6 7. d4 Nh5 8. e3 e5 9. dxe5 dxe5 10. Qd5+ Qxd5 11. Nxd5 Rf7 12. Ng5 Rd7 13. Ne6 Na6 14. Nxg7 Kxg7 15. b3 c6 16. Nc3 e4 17. Bb2 Nf6 18. Rad1 Nc5 19. Rxd7+ Bxd7 20. Rd1 Nd3 21. Ba1 Be6 22. Bxe4 Nc5 23. Bg2 Kf7 24. Bb2 Ke8 25. Ne2 Nfe4 26. f3 Ng5 27. h4 Nf7 28. Nf4 Rd8 29. Rxd8+ Nxd8 30. Bd4 Nd7 31. Nxe6 Nxe6 32. b4 c5 33. bxc5 Ndxc5 34. Bxc5 Nxc5 35. e4 Nd3 36. exf5 gxf5 37. Bf1 Ne5 38. Kf2 Kd7 39. Ke3 Kd6 40. Kf4 Ke6 41. h5 h6 42. g4 fxg4 43. fxg4 Nf7 44. Bg2 Nd6 45. Bd5+ Ke7 46. c5 1-0

[Event "Bratto op-C 35th"]
[Site "Bratto"]
[Date "2015.08.29"]
[Round "7.11"]
[White "Simeone, Giulio Maria"]
[Black "Mapelli, Davide"]
[Result "1/2-1/2"]
[WhiteElo "1571"]
[BlackElo "1630"]
[PlyCount "33"]
[EventDate "2015.08.23"]
[EventType "swiss"]
[EventRounds "8"]
[EventCountry "ITA"]
[SourceTitle "EXT 2022"]
[Source "ChessBase"]
[SourceDate "2021.10.06"]
[SourceVersion "1"]
[SourceVersionDate "2021.10.06"]
[SourceQuality "1"]

1. Nf3 Nf6 2. c4 g6 3. g3 Bg7 4. Bg2 0-0 5. 0-0 d6 6. Nc3 Nbd7 7. b3 e5 8. Bb2 Ne8 9. e3 f5 10. d4 g5 11. Ne2 Qf6 12. h4 h6 13. dxe5 dxe5 14. Qd5+ Kh7 15. Rfd1 Qe7 16. hxg5 hxg5 17. Qe6 1/2-1/2

[Event "Milan Palladino Memorial-B 7th"]
[Site "Milan"]
[Date "2015.04.04"]
[Round "4"]
[White "Mapelli, Davide"]
[Black "Pipitone, Filippo Massimo"]
[Result "1-0"]
[WhiteElo "1579"]
[BlackElo "1549"]
[PlyCount "89"]
[EventDate "2015.04.02"]
[EventType "swiss"]
[EventRounds "7"]
[EventCountry "ITA"]
[SourceTitle "EXT 2017"]
[Source "ChessBase"]
[SourceDate "2016.10.25"]
[SourceVersion "1"]
[SourceVersionDate "2016.10.25"]
[SourceQuality "1"]

1. e4 c5 2. Nc3 Nc6 3. Bb5 Qc7 4. f3 e6 5. d3 a6 6. Bxc6 Qxc6 7. f4 b5 8. Nf3 g6 9. 0-0 b4 10. Ne2 Bg7 11. Qe1 Ne7 12. Qh4 h6 13. Qg3 Qc7 14. Qg4 d6 15. Nh4 Ng8 16. Nf3 Nf6 17. Qh3 Bd7 18. a3 Ng8 19. c3 bxc3 20. Nxc3 Rb8 21. Qg3 Bc6 22. f5 Ne7 23. fxe6 fxe6 24. Nd2 Be5 25. Qh3 Bd7 26. Nc4 Bg7 27. Qg3 Bd4+ 28. Kh1 Be5 29. Nxe5 dxe5 30. Qe1 Ng8 31. Qf2 Ne7 32. Qf7+ Kd8 33. Qg7 Re8 34. Bxh6 Rxb2 35. Bg5 Bc6 36. Rf7 c4 37. Bxe7+ Rxe7 38. Rxe7 Qxe7 39. Qxe5 Rb3 40. dxc4 Kd7 41. Rd1+ Ke8 42. Qh8+ Qf8 43. Rd8+ Kxd8 44. Qxf8+ Kd7 45. Qg7+ 1-0

[Event "Milan Palladino Memorial-B 7th"]
[Site "Milan"]
[Date "2015.04.03"]
[Round "2"]
[White "Mapelli, Davide"]
[Black "Poletto, Daniele"]
[Result "0-1"]
[WhiteElo "1579"]
[BlackElo "1709"]
[PlyCount "86"]
[EventDate "2015.04.02"]
[EventType "swiss"]
[EventRounds "7"]
[EventCountry "ITA"]
[SourceTitle "EXT 2017"]
[Source "ChessBase"]
[SourceDate "2016.10.25"]
[SourceVersion "1"]
[SourceVersionDate "2016.10.25"]
[SourceQuality "1"]

1. e4 c5 2. Nc3 Nc6 3. Bb5 g6 4. f4 Bg7 5. Nf3 e6 6. Bxc6 dxc6 7. d3 Ne7 8. 0-0 0-0 9. Qe1 b6 10. Qh4 f5 11. Kh1 Bd7 12. Ng5 h6 13. Nf3 Nc8 14. Qg3 Kh7 15. Bd2 Be8 16. Ne5 b5 17. Be3 c4 18. dxc4 b4 19. Ne2 fxe4 20. Bc5 Rg8 21. Bxb4 Qb6 22. Bc3 Nd6 23. b3 Nf5 24. Qf2 Ne3 25. Rfc1 Nf5 26. Qxb6 axb6 27. Rd1 c5 28. Nd7 Bxc3 29. Nxc3 Ne3 30. Rd2 Bxd7 31. Rxd7+ Rg7 32. Rxg7+ Kxg7 33. Rc1 Rd8 34. Nxe4 Nxc2 35. g3 Ne3 36. Kg1 Rd4 37. Nc3 Rd2 38. Re1 Rd3 39. Rc1 Nf5 40. Rc2 Nd4 41. Rc1 Rxc3 42. Ra1 Rc2 43. Kh1 Nf3 0-1

[Event "Milan Crespi op-B 35th"]
[Site "Milan"]
[Date "2014.12.07"]
[Round "5"]
[White "Mapelli, Davide"]
[Black "Lapitan, Eusebio"]
[Result "0-1"]
[WhiteElo "1576"]
[BlackElo "1690"]
[PlyCount "56"]
[EventDate "2014.12.04"]
[EventType "swiss"]
[EventRounds "7"]
[EventCountry "ITA"]
[SourceTitle "EXT 2017"]
[Source "ChessBase"]
[SourceDate "2016.10.25"]
[SourceVersion "1"]
[SourceVersionDate "2016.10.25"]
[SourceQuality "1"]

1. e4 c5 2. Nc3 a6 3. f4 e6 4. Nf3 Nc6 5. d3 b5 6. g3 Bb7 7. Bg2 Qc7 8. 0-0 Be7 9. Bd2 h5 10. Ne2 h4 11. Qe1 hxg3 12. Qxg3 0-0-0 13. Bc3 Nh6 14. a3 f5 15. Nd2 Rhg8 16. Rab1 g5 17. b4 Rg6 18. Qf2 Rdg8 19. Kh1 Ng4 20. Qg3 Rh6 21. Nf3 Bd6 22. e5 Be7 23. Neg1 Rgh8 24. Nh3 gxf4 25. Qxf4 Rxh3 26. Bxh3 Rxh3 27. bxc5 Ncxe5 28. Bxe5 Nxe5 0-1

[Event "Milan Crespi op-B 35th"]
[Site "Milan"]
[Date "2014.12.05"]
[Round "2"]
[White "Frignani, Alessandro"]
[Black "Mapelli, Davide"]
[Result "0-1"]
[WhiteElo "1389"]
[BlackElo "1576"]
[PlyCount "62"]
[EventDate "2014.12.04"]
[EventType "swiss"]
[EventRounds "7"]
[EventCountry "ITA"]
[SourceTitle "EXT 2017"]
[Source "ChessBase"]
[SourceDate "2016.10.25"]
[SourceVersion "1"]
[SourceVersionDate "2016.10.25"]
[SourceQuality "1"]

1. e4 e5 2. Bc4 Nc6 3. c3 Bc5 4. Qf3 Nf6 5. h3 d6 6. Bb3 Be6 7. Bd1 d5 8. d3 dxe4 9. dxe4 Bxf2+ 10. Kxf2 Nxe4+ 11. Qxe4 Qxd1 12. Qe3 0-0 13. Nd2 f5 14. Qe2 Qa4 15. Ngf3 Qa5 16. Nf1 Rae8 17. g3 Bd5 18. Rh2 f4 19. g4 e4 20. Nh4 e3+ 21. Ke1 f3 22. Qd3 e2 23. Bd2 exf1Q+ 24. Kxf1 Qc5 25. b4 Qc4 26. Qxc4 Bxc4+ 27. Kf2 Re2+ 28. Kg3 Rxh2 29. Kxh2 f2 30. Kg2 f1Q+ 31. Rxf1 Bxf1+ 0-1

[Event "Milan Crespi op-B 35th"]
[Site "Milan"]
[Date "2014.12.04"]
[Round "1"]
[White "Mapelli, Davide"]
[Black "Pandini, Giuseppe"]
[Result "0-1"]
[WhiteElo "1576"]
[BlackElo "1712"]
[PlyCount "116"]
[EventDate "2014.12.04"]
[EventType "swiss"]
[EventRounds "7"]
[EventCountry "ITA"]
[SourceTitle "EXT 2017"]
[Source "ChessBase"]
[SourceDate "2016.10.25"]
[SourceVersion "1"]
[SourceVersionDate "2016.10.25"]
[SourceQuality "1"]

1. e4 b6 2. d4 e6 3. Nf3 Bb7 4. Bd3 g6 5. Bf4 Bg7 6. c3 Ne7 7. Nbd2 a6 8. 0-0 d6 9. Bc2 Nd7 10. Re1 0-0 11. Nf1 b5 12. Qd2 Nb6 13. b3 Rc8 14. Rad1 Qd7 15. Ng3 Rfd8 16. Qe3 Qe8 17. e5 d5 18. Bg5 Rd7 19. Bf6 Qf8 20. Qg5 Kh8 21. Qh6 Ng8 22. Bxg7+ Qxg7 23. Qxg7+ Kxg7 24. Bd3 c5 25. Rc1 Rdc7 26. Ne2 c4 27. Bb1 cxb3 28. axb3 Ne7 29. Bd3 Nc6 30. Nd2 Na5 31. b4 Nc6 32. Nb3 Ne7 33. Nc5 Nd7 34. Nb3 Rb8 35. Na5 Nb6 36. Nb3 Nec8 37. Nc5 Nd7 38. Nb3 Ncb6 39. Na5 Ba8 40. Rc2 Rbc8 41. Rec1 Na4 42. f4 Ndb6 43. Kf2 Nc4 44. Bxc4 dxc4 45. Ng3 h5 46. Ke3 Nb6 47. Ne4 Nd5+ 48. Kf3 Rh8 49. Re1 h4 50. Kg4 Rh5 51. Nd6 f5+ 52. exf6+ Nxf6+ 53. Kh3 Bd5 54. Re5 Rh8 55. Rce2 Rd7 56. Nab7 Bxb7 57. Nxb7 Rxb7 58. Rxe6 Nd5 0-1

[Event "Milan Palladino Memorial-B 6th"]
[Site "Milan"]
[Date "2014.04.17"]
[Round "1"]
[White "Pirrello, Christian"]
[Black "Mapelli, Davide"]
[Result "0-1"]
[WhiteElo "1662"]
[BlackElo "1485"]
[PlyCount "30"]
[EventDate "2014.04.17"]
[EventType "swiss"]
[EventRounds "7"]
[EventCountry "ITA"]
[SourceTitle "EXT 2015"]
[Source "ChessBase"]
[SourceDate "2014.11.20"]
[SourceVersion "1"]
[SourceVersionDate "2014.11.20"]
[SourceQuality "1"]

1. d4 Nf6 2. c4 g6 3. Nc3 Bg7 4. e4 d6 5. f3 0-0 6. Be3 e5 7. d5 Nbd7 8. Qd2 b6 9. Nge2 Bb7 10. Bh6 Nxe4 11. Nxe4 Qh4+ 12. g3 Qxh6 13. Qd3 f5 14. Nf2 Nc5 15. Qa3 a5 0-1